Loading...
| History - American | 2 | 4 | 0 | 0 | 70 | 28 | 83.00 | 4 | 6 | 31.25 | 62.50 |
| History - European | 1 | 5 | 0 | 3 | 65 | 60 | 114.83 | 2 | 6 | 13.71 | 44.44 |
| History - World | 1 | 4 | 0 | 0 | 55 | 62 | 94.20 | 3 | 5 | 15.09 | 33.33 |
| Current Events | 2 | 2 | 0 | 0 | 50 | 41 | 68.00 | 2 | 4 | 29.72 | 42.86 |
| History - Other | 2 | 0 | 0 | 0 | 30 | 47 | 63.00 | 2 | 2 | 22.60 | 40.00 |
| Fine Arts - Other | 0 | 1 | 0 | 1 | 10 | 126 | 126.00 | 0 | 1 | 0.77 | 3.85 |
| Other Academic | 0 | 1 | 0 | 0 | 10 | 137 | 137.00 | 0 | 1 | 1.29 | 5.56 |
| Philosophy | 0 | 1 | 0 | 0 | 10 | 123 | 123.00 | 1 | 1 | 1.69 | 5.56 |
| Social Science | 0 | 1 | 0 | 0 | 10 | 147 | 147.00 | 0 | 1 | 0.50 | 3.57 |
| Geography | 0 | 1 | 0 | 1 | 10 | 133 | 133.00 | 1 | 1 | 0.25 | 16.67 |
| Science - Other | 0 | 1 | 0 | 0 | 10 | 106 | 106.00 | 0 | 1 | 1.73 | 6.25 |
| Short Fiction and Other | 0 | 1 | 0 | 0 | 10 | 127 | 127.00 | 1 | 1 | 2.74 | 16.67 |
| Religion | 0 | 0 | 1 | 0 | -5 | 0.00 | 0 | 0 | 0.00 | 0.00 |